Name the Overseas Territory by Clue - Statistics

General Stats
  • This quiz has been taken 11 times
  • The average score is 8 of 12
Answer Stats
Hint Answer % Correct
Place where Napoleon died Saint Helena
100%
Islands that were fought over by the U.K. and Argentina for 74 days Falkland Islands
89%
The deepest trench in the world sits beside and is named after this territory Northern Mariana Islands
89%
The closest point of the mainland to this territory is Cape Hatteras, North Carolina Bermuda
78%
The C of the ABC islands of the Caribbean Curaçao
78%
In the Caribbean in between the islands of Montserrat, Antigua, and Dominica Guadeloupe
78%
Besides Greenland, it is the closest overseas territory to Canada St Pierre and Miquelon
67%
Charlotte Amalie is its capital U.S. Virgin Islands
67%
Known for its late fall crab migration where up to a hundred million red crabs migrate from the forests of this island to the ocean to breed Christmas Island
56%
An island in the Comoros archipelago but fought over by France Mayotte
33%
A tiny atoll in the Pacific fought over by the U.S. and Japan in a major 5 day naval battle Midway Atoll
33%
This is the most populous British overseas territory Cayman Islands
11%
No matching quizzes found
Score Distribution
Percent of People with Each Score
Percentile by Number Answered
Your Score History
You have not taken this quiz